British Quiz Shows - Statistics

General Stats
  • This quiz has been taken 29 times
  • The average score is 11 of 17
Answer Stats
host Answer % Correct
Bradley Walsh the Chase
100%
Alexander Armstrong and Richard Osman Pointless
92%
Jeremy Clarkson or Chris Tarrant Who Wants to be A Millionaire
88%
Ben Shepherd Tipping Point
84%
Nick Hewer Countdown
76%
Stephen Mulhern CatchPhrase
72%
Anne Robinson The Weakest Link
72%
Jeremy Paxman University Challenge
72%
Noel Edmonds Deal or No Deal
68%
Jeremy Vine Eggheads
68%
Warwick Davis Tenable
68%
Gino D'Acampo Family Fortunes
64%
Rylan Clark Neal Supermarket Sweep
60%
Greg Davies Taskmaster
60%
Marvin and Rochelle Humes The Hit List
48%
Bruce forsyth The Price is right
32%
Paddy McGuinness Catchpoint
20%
No matching quizzes found
Score Distribution
Percent of People with Each Score
Percentile by Number Answered
Your Score History
You have not taken this quiz